| 000 | 00310nam a22001217a 4500 | ||
|---|---|---|---|
| 082 |
_a030 _bLEW/N |
||
| 100 | _aLEWIS NORMAN | ||
| 245 |
_aTHE NEW ROGET'S THESAURUS IN DICTIONARY FORM _bREVISED EDITION |
||
| 260 |
_aDELHI _bGOYL SAAB PUBLISHERS _c1985 |
||
| 300 | _a496 | ||
| 650 |
_aDICTIONARY _zINDIA |
||
| 942 | _cBK | ||
| 999 |
_c1757 _d1757 |
||